Bilecik Bilecik Bilecik Bilecik Bilecik

Beyaz selvi/ (Record no. 25481)

MARC details
000 -BAŞLIK
Sabit Uzunluktaki Kontrol Alanı 02427nam a22003497a 4500
001 - KONTROL NUMARASI
Control Dosyası 0025534
003 - KONTROL NUMARASI KİMLİĞİ
Kontrol Alanı KOHA_MİRAKIL
005 - EN SON İŞLEM TARİHİ ve ZAMANI
Kontrol Alanı 20260207002505.0
007 - FİZİKSEL TANIM SABİT ALAN - GENEL BİLGİ
Sabit uzunluklu kontrol alanı ta
008 - SABİT UZUNLUKTAKİ VERİ ÖGELERİ - GENEL BİLGİ
Sabit Alan 101112b2008 tu |||gr||||#0|||1|tur |
020 ## - ISBN - ULUSLARARASI STANDART KİTAP NUMARASI
Isbn 9789752638785
Kullanılabilirlik koşulları 5,32
040 ## - KATALOGLAMA KAYNAĞI
Özgün Kataloglama Kurumu TR-BiSEU
Kataloglama Dili tur
Çeviri Kurumu TR-BiSEU
Açıklama Kuralları rda
041 0# - DİL KODU
Metin ya da ses kaydının dil kodu tur
044 ## - YAYINLAYAN/ÜRETEN KURULUŞUN ÜLKE KODU
ISO country code tu
050 ## - SINIFLAMA ve YER NUMARASI
Sınıflama Numarası PL248.Z67
Yer Numarası B49 2008
100 1# - KİŞİ ADI
Yazar Adı (Kişi adı) Zorlutuna, Halide Nusret.
245 1# - ESER ADI BİLDİRİMİ
Başlık Beyaz selvi/
Sorumluluk Bildirimi Halide Nusret Zorlutuna ; Halide Nusret Zorlutuna.
264 #1 - ÜRERİM, YAYIN, DAĞITIM ve TELİF BİLDİRİMİ
Yayın yeri İstanbul :
Yayınlayan Timaş
Yayın tarihi 2008
300 ## - FİZİKSEL TANIMLAMA
Sayfa, Cilt vb. 158 s. ;
Boyutları 21cm.
336 ## - İÇERİK TÜRÜ
Content type term metin
Content type code txt
Source rdacontent
337 ## - MEDYA TÜRÜ
Media type term aracısız
Media type code n
Source rdamedia
338 ## - TAŞIYICI TÜRÜ
Carrier type term cilt
Carrier type code nc
Source rdacarrier
490 1# - DİZİ BİLDİRİMİ
Dizi Bildirimi Timaş Yayınları ;
Cilt Numarası 1956.
490 1# - DİZİ BİLDİRİMİ
Dizi Bildirimi Roman dizisi ;
Cilt Numarası 92
505 ## - İÇİNDEKİLER NOTU
İçindekiler Notu Halide Nusret'in gerçek bir hikâyeden yola çıkarak kaleme aldığı bu roman, cennet'ten cehennem'e düşen bir ailenin sade fakat feci alınyazısını konu alıyor... Aşkla, ihanetle, gururla, tutkuyla ve sadakatle örülmüş bu hikâyede günümüzden çok şey bulacak; bir selvi kadar güçlü, aynı zamanda narin olan Nadide'nin hüzünlü öyküsünü bir solukta okuyacaksınız...
650 #0 - KONU BAŞLIĞI EK GİRİŞ - KONU TERİMİ
Konusal terim veya coğrafi ad Turkish fiction.
9 (RLIN) 6661
650 #0 - KONU BAŞLIĞI EK GİRİŞ - KONU TERİMİ
Konusal terim veya coğrafi ad Türk roman.
9 (RLIN) 24060
830 1# - SERİ EK GİRİŞİ - TEKBİÇİM ESER ADI
Tekbiçim Başlık Timaş Yayınları ;
Volume number/sequential designation 1956.
9 (RLIN) 9767
830 1# - SERİ EK GİRİŞİ - TEKBİÇİM ESER ADI
Tekbiçim Başlık Roman dizisi ;
Volume number/sequential designation 92
9 (RLIN) 22627
907 ## - LOCAL DATA ELEMENT G, LDG (RLIN)
a Roman
942 ## - EK GİRİŞ ÖGELERİ (KOHA)
Source of classification or shelving scheme Library of Congress Classification
Koha item type Book
505 ## - İÇİNDEKİLER NOTU
--
-- Nadie, adı gibi eşi benzeri bulunmayan, Halide Nusret'in deyimiyle "bir rüya ve hülya ikliminden" çıkıp gelmiş gibi asil, onurlu ve fedakâr bir kadındır. Doktor eşi Hâmid Bey ve üç çocuğuyla birlikte mutludur. Ancak bu mutluluk kendisinden yaşça küçük, ünlü bestekâr Dündar'a rastlamasıyla sona erecektir.
--
-- "Bu esere 'Roman' demek bilmem ki doğru mu? Bu, zavallı bir gönül ve ömür hikayesidir; cennet'ten cehennem'e düşen bir ailenin sade, fakat feci alınyazısı...
--
-- Ben bu sergüzeşti, ay'sız bir temmuz gecesinin çok yıldızlı gökleri altında bizzat kahramanının ağzından dinlemiştim. Bu toprağın değil, bir rüya ve hülya ikliminin mahlukuna benzeyen o bembeyaz kadına, bu hikayeyi yazacağıma dair söz de vermiştim.
--
-- Bugün o, artık son ve ebedi rüyasına dalmış bulunuyor... Kendisine verdiğim söz, şimdi benim için mutlaka ödenmesi gereken kutsal bir borç mahiyetini aldı.
--
-- İşte bu satırlarla ben, o borcu ödemeye çalışıyorum." Halide Nusret Zorlutuna
Holdings
Materyal Türü Kalıcı Konum Mevcut Konum Raf Yeri Sınıflandırma Kaynağı Edinim Bilgisi Ana Konular Alt Konular Yer Numarası Demirbaş Numarası Fatura Tarihi Maliyet, Alış Fiyatı Maliyet, Yenileme Fiyatı Geri Çekilme Durumu Kayıp Durumu Hasarlı Durumu Kredi için değil Kayıt Tarih Toplam Ödünçverme Son Görülme Tarihi Son Kontrol Tarihi
Book Prof. Dr. Azmi Özcan Kütüphanesi Prof. Dr. Azmi Özcan Kütüphanesi Birûni Salonu Library of Congress Classification Satın DİL VE EDEBİYAT Doğu Asya, Afrika, Okyanusya Dilleri ve Edebiyatları PL248.Z67 B49 2008 0025534 15/12/2010 5.75 5.75         12/11/2010 1 05/12/2024 05/12/2024